00476nam a2200157 a 450000500170000000800410001702000180005805000240007610000250010024500560012526000750018130000210025652100090027765000150028665000170030120140310183320.0020821s19uu xx 00 eng d a971-733-009-3 aHD 31 b.Sa237 2004 aSantos, Emmanuel Tiu aOrganization and management /cEmmanuel Tiu Santos. aPhilippines :bInternational Academy of Mangement & Economics,cc2004. a713 p. :c22 cm. aBSBA aManagement aOrganization